000 00611nam a2200205 u 4500
005 20240501063656.0
008 170126s2006 ea r 000 0 spa d
020 _a1404274634
035 _aUPN01000215604
049 _aI
050 4 _aPZ78
_bL5.8
100 1 _aLipschultz, Wes
_940186
245 1 3 _aUn día con tu perro /
_cWes Lipschultz ; tr. José María Obregón.
260 _aNew York :
_bRosen,
_c2006.
300 _a8 p. :
_bil. col.
650 4 _aMascotas
_vLiteratura infantil
_921679
650 4 _aANIMALES DOMESTICOS -
_vLITERATURA INFANTIL
_91347
905 _aInfantil
999 _c187704
_d187704